| 000 | 01038nam a22002537a 4500 | ||
|---|---|---|---|
| 005 | 20170515141601.0 | ||
| 010 | _a1617EN ENG-116970 | ||
| 020 |
_c525.00 _a9780195671537 |
||
| 035 | _aB-651327-341 | ||
| 035 | _aEN-100502 | ||
| 035 | _aB-669800 | ||
| 037 |
_bPragati _adpl |
||
| 037 | _bDBAD/PUB | ||
| 082 | _a624.1834 | ||
| 100 | _aSanthakumar, A.R. | ||
| 245 |
_aConcrete technology / _c by A.R. Santhakumar |
||
| 260 |
_aNew Delhi _bOxford University Press _c2016 |
||
| 270 |
_aYMCA Library Building, 1, Jai Singh Road, _bNew Delhi _e110001 |
||
| 300 |
_axii,771p. _c24cm(pbk) _b illus. |
||
| 500 | _aIncludes index | ||
| 942 |
_2ddc _cEN _h624.1834 _mSAN |
||
| 999 |
_c101847 _d101847 |
||